Normal view MARC view

Entry Nombre personal

Number of records used in: 3

001 - NÚMERO DE CONTROL

  • campo de control: 90811

003 - IDENTIFICADOR DE NÚMERO DE CONTROL

  • campo de control: SpMaBN

005 - FECHA Y HORA DE LA ÚLTIMA TRANSACCIÓN

  • campo de control: 20231214140627.0

008 - ELEMENTOS DE DATO DE LONGITUD-FIJA

  • campo de control de longitud fija: 791220n| aijnnaabn a aaa

016 ## - NÚMERO DE CONTROL DE UNA AGENCIA BIBLIOGRÁFICA NACIONAL

  • Número de control del registro: BNE19913376605

024 7# - IDENTIFICADOR DE OTROS ESTÁNDARES

  • Número estándar o código: http://viaf.org/viaf/90640146/
  • Fuente: viaf

024 7# - IDENTIFICADOR DE OTROS ESTÁNDARES

  • Número estándar o código: https://isni.org/isni/0000000115775632
  • Fuente: isni

040 ## - FUENTE DE CATALOGACIÓN

  • Centro catalogador/agencia de origen: SpMaBN
  • Lengua de catalogación: spa
  • Centro/agencia transcriptor: SpMaBN
  • Normas de descripción: rdc
  • Convención/Normas de encabezamiento de materia/tesauro: embne

100 1# - ENCABEZAMIENTO-NOMBRE DE PERSONA

  • Nombre de persona: Pérez de Tudela y Velasco, María Isabel

373 ## - GRUPO ASOCIADO

  • Grupo asociado: Ateneo de Madrid
  • Período de inicio: 1997
  • Fuente de información: Censo mensual de socios 2023; Olmos, Víctor. Ágora de la libertad: historia del Ateneo de Madrid (2018-2019)

375 ## - GÉNERO/SEXO

  • Género: Femenino

400 1# - TRAZADO DE VÉASE--NOMBRE DE PERSONA

  • Nombre de persona: Pérez de Tudela y Velasco, Isabel

670 ## - FUENTE DE DATOS ENCONTRADOS

  • Cita de la fuente: Arquitectura militar castellano-leonesa, 1991
  • Información encontrada: port. (Mª Isabel Pérez de Tudela y Velasco)

670 ## - FUENTE DE DATOS ENCONTRADOS

  • Cita de la fuente: Actas del IV Curso de Cultura Medieval, 2001
  • Información encontrada: port. (Isabel Pérez de Tudela y Velasco)

678 ## - DATOS BIOGRÁFICOS O HISTÓRICOS

  • Datos biográficos o históricos: Socia del Ateneo de Madrid n. 27542; ingresó el 11/2/1997. Depositaria del Ateneo en 2001-05
  • Ampliación de la nota: Fuentes: Censo mensual de socios 2023; Olmos, Víctor. Ágora de la libertad: historia del Ateneo de Madrid (2018-2019)